Avosidade (Registro nro. 170898)

Detalles MARC
000 -LEADER
fixed length control field 03605nam a22002897a 4500
007 - PHYSICAL DESCRIPTION FIXED FIELD--GENERAL INFORMATION
fixed length control field cr|||| ||||
008 - FIXED-LENGTH DATA ELEMENTS--GENERAL INFORMATION
fixed length control field 211117s2021 br |||||s|||| 00||0 por d
020 ## - INTERNATIONAL STANDARD BOOK NUMBER
International Standard Book Number 978-65-5515-136-7
035 ## -
-- 35424
040 ## - CATALOGING SOURCE
Original cataloging agency vLex
090 ## -
-- 12662
-- 12662
100 1# - MAIN ENTRY--PERSONAL NAME
Personal name Da Silva Pereira, Tânia
245 10 - TITLE STATEMENT
Title Avosidade
Medium [Recurso electrónico] :
Remainder of title relação jurídica entre avós e netos /
Statement of responsibility, etc Tânia Da Silva Pereira, Antônio Carlos Mathias Coltro, Sofia Miranda Rabelo, Livia Teixeira Leal
256 ## -
-- Servicio en línea
260 ## - PUBLICATION, DISTRIBUTION, ETC. (IMPRINT)
Place of publication, distribution, etc Indaiatuba:
Name of publisher, distributor, etc Editora Foco,
Date of publication, distribution, etc 2021
300 ## - PHYSICAL DESCRIPTION
Extent 1 recurso electrónico
500 ## - GENERAL NOTE
General note Tendo em vista a necessidade de se aprofundar, no Brasil, o estudo teórico da “Avosidade” sob uma abordagem multidisciplinar, buscou-se nesta obra agregar temas relacionados à velhice, à saúde, à ancestralidade, à convivência intergeracional, inclusive à arquitetura, entre os povos indígenas, aos direitos e deveres dos avós, aos alimentos avoengos, à socioafetividade, à multiparentalidade, à gravidez infanto-juvenil, à guarda compartilhada com os avós e à responsabilidade civil em relação aos avós. Com efeito, diante do acelerado processo de envelhecimento da população brasileira, efetivas políticas sociais devem garantir a convivência interfamiliar com os idosos, visando adaptá-los a exigências do mundo moderno e às mudanças que afetam as outras gerações com as quais convive. Nesta relação, os avós, por mais que se mostrem disponíveis para a criação dos netos, devem reconhecer limites no lidar com o cotidiano familiar, cientes de que boa parte das decisões são tomadas pelos pais. Vivendo juntos ou separados, ou vivenciando novos relacionamentos, são pessoas diferentes, com experiências próprias, as quais poderão representar referências positivas ou negativas na vida dos netos. Diante das dificuldades decorrentes do envelhecimento, são pessoas que devem ser capazes de perceber seus limites e podem encontrar alternativas para uma convivência no cotidiano familiar, inclusive com os netos. O enfoque multidisciplinar foi a preocupação dos coordenadores, o que reflete a consciência da realidade, ao buscar a reciprocidade e a integração entre diversas áreas e objetivando a resolução de problemas de forma global e abrangente. Finalmente, o diálogo entre as diversas áreas de conhecimento permite novos desdobramentos na compreensão da realidade e sua interpretação. Finalmente, a Avosidade é fenômeno inédito na história mundial e esta obra abre espaço para estudos e debates sobre o tema no contexto brasileiro, tanto no âmbito jurídico como no enfoque multidisciplinar. Com essas considerações, esperando haver cumprido a tarefa que a nós e aos demais autores foi passada, esperamos colaborar com o entendimento a respeito da Avosidade, e a compreensão do que ela significa e a importância que possui para a família e para as demais pessoas nela envolvidas, com relevo nos netos e os avós.
506 1# - RESTRICTIONS ON ACCESS NOTE
Terms governing access Disponible solo en los productos indicados
Authorized users vLex Global
-- vLex Global (Academic Edition, excluding Law Schools)
-- vLex Global (U.S. Academic Edition, Law Schools)
-- vLex Global (U.S. Academic Edition, excluding Law Schools)
-- vLex Global (Academic Edition, Law Schools)
650 04 - SUBJECT ADDED ENTRY--TOPICAL TERM
Topical term or geographic name as entry element Familia y Sucesiones
Geographic subdivision Brasil
700 1# - ADDED ENTRY--PERSONAL NAME
Personal name Mathias Coltro, Antônio Carlos
700 1# - ADDED ENTRY--PERSONAL NAME
Personal name Rabelo, Sofia Miranda
700 1# - ADDED ENTRY--PERSONAL NAME
Personal name Teixeira Leal, Livia
740 0# -
-- vLex Libros (Servicio en línea)
856 40 - LOCALIZACIÓN Y ACCESO ELECTRÓNICO
Identificador Uniforme del Recurso (URI/URL) https://app.vlex.com/#/sources/35424
942 ## -
-- RAA
999 ## -
-- 170898
-- 170898

No hay ítems disponibles.


CONTACTO


NOSOTROS


SITIOS DE INTERES

coordinacion.biblioteca.biblioteca@unienlinea.mx Misión, Visión y Objetivos Bases de datos
Directorio Bibliotecas Digitales y Repositorios
Normatividad Revistas y artículos
Convenios interbibliotecarios
Boletines



Hecho en México. Universidad Insurgentes (UIN). Todos los derechos reservados 2024. Esta página y sus contenidos pueden ser reproducidos con fines no lucrativos, siempre y cuando no se mutile, se cite la fuente completa y su dirección electrónicas. De otra forma requiere permiso previo por escrito de la institución




2024 Copyright Universidad Insurgentes | www.bibliouin.com.mx